Statistics for Countries of Europe in 300 AD

Click here to take the quiz!

General Stats

  • This quiz has been taken 21 times
  • The average score is 4 of 29

Answer Stats

EntityAnswer% Correct
EmpireRoman Empire
100%
Nomadic ConfederationHuns
44%
Tribal KingdomCe
28%
Tribal CheifdomVandals
28%
Tribal ConfederationFranks
22%
KingdomPictland
22%
Tribal ConfederationSaxons
22%
Client KingdomCaucasian Albania
11%
Tribal ConfederationSuebi
11%
KingdomAlamannia
6%
Tribal KingdomCait
6%
Client KingdomCimmerian Bosphorus
6%
Tribal ChiefdomConnacht
6%
KingdomIberia
6%
Tribal ChiefdomIverni
6%
Client KingdomLazica
6%
Tribal ConfederationMagyars
6%
KingdomOsraige
6%
Client KingdomPaeonia
6%
Tribal ConfederationSarmatians
6%
Tribal ConfederationBasternae
0%
Tribal KingdomCaspiane
0%
Tribal KingdomCornovii
0%
PrincipalityDumnonia
0%
Tribal KingdomFortriu
0%
Tribal KingdomGelonia
0%
Tribal KingdomGetae
0%
KingdomMeath
0%
Tribal ConfederationVenedae
0%

Score Distribution

Percentile by Number Answered

Percent of People with Each Score

Your Score History

You have not taken this quiz